000 00273nmm a2200097Ia 4500
008 220120s9999||||xx |||||||||||||||||und||
020 _a978-0-07-060092-8
100 _aGaither, Norman and Frazier, Greg
245 0 _aProduction operation management
260 _aPHI
_bNew Delhi
999 _c139988
_d139988